10 Random Numbers 1-100 - Double Blind Ranking - Statistics

General Stats
  • This quiz has been taken 4,605 times
  • The average score is 2 of 10
Answers on the Map
Answers color-coded by a green-red scale on the quiz's map according to % correct below.
 
Answer Stats
Hidden number Displayed text % Correct
98 Mystery number
29%
76 Mystery number
28%
20 Mystery number
27%
85 Mystery number
26%
8 Mystery number
25%
77 Mystery number
25%
2 Mystery number
24%
40 Mystery number
24%
33 Mystery number
23%
18 Mystery number
22%
51 Mystery number
22%
52 Mystery number
22%
53 Mystery number
22%
55 Mystery number
22%
57 Mystery number
22%
96 Mystery number
22%
62 Mystery number
21%
79 Mystery number
21%
90 Mystery number
21%
95 Mystery number
21%
26 Mystery number
20%
45 Mystery number
20%
48 Mystery number
20%
63 Mystery number
20%
74 Mystery number
20%
75 Mystery number
20%
80 Mystery number
20%
93 Mystery number
20%
15 Mystery number
19%
17 Mystery number
19%
23 Mystery number
19%
47 Mystery number
19%
49 Mystery number
19%
89 Mystery number
19%
100 Mystery number
19%
9 Mystery number
18%
13 Mystery number
18%
32 Mystery number
18%
37 Mystery number
18%
56 Mystery number
18%
66 Mystery number
18%
84 Mystery number
18%
99 Mystery number
18%
6 Mystery number
17%
10 Mystery number
17%
12 Mystery number
17%
28 Mystery number
17%
34 Mystery number
17%
42 Mystery number
17%
44 Mystery number
17%
4 Mystery number
16%
5 Mystery number
16%
21 Mystery number
16%
36 Mystery number
16%
54 Mystery number
16%
58 Mystery number
16%
59 Mystery number
16%
67 Mystery number
16%
7 Mystery number
15%
22 Mystery number
15%
24 Mystery number
15%
71 Mystery number
15%
97 Mystery number
15%
14 Mystery number
14%
27 Mystery number
14%
30 Mystery number
14%
35 Mystery number
14%
39 Mystery number
14%
61 Mystery number
14%
81 Mystery number
14%
1 Mystery number
13%
3 Mystery number
13%
11 Mystery number
13%
41 Mystery number
13%
60 Mystery number
13%
72 Mystery number
13%
82 Mystery number
13%
83 Mystery number
13%
86 Mystery number
13%
91 Mystery number
13%
25 Mystery number
12%
31 Mystery number
12%
38 Mystery number
12%
68 Mystery number
12%
88 Mystery number
12%
94 Mystery number
12%
19 Mystery number
11%
46 Mystery number
11%
65 Mystery number
11%
87 Mystery number
11%
16 Mystery number
10%
29 Mystery number
10%
43 Mystery number
10%
50 Mystery number
10%
73 Mystery number
10%
69 Mystery number
9%
70 Mystery number
9%
78 Mystery number
9%
64 Mystery number
8%
92 Mystery number
8%
No matching quizzes found
Score Distribution
Percent of People with Each Score
Percentile by Number Answered
Your Score History
You have not taken this quiz